000 00691nam a22001937a 4500
003 OSt
005 20240829115306.0
008 240829b ||||| |||| 00| 0 eng d
040 _cAIMIT LIBRARY
100 _aK Chiranjith.
_e2216042
_9178147
245 _aStudy on the impact of work life balance on job satisfaction with respect to new Mangalore port authority /
_cBy Chiranjith K ; Guided by Beena Dias.
260 _aMangalore ;
_c2024.
650 _aLiterature review
_9178148
650 _aResearch methodology
_9178149
650 _aData analysis and interpretation
_9178150
700 _aDias, Beena.
_eGuide
_9178151
856 _3New Mangalore port authority
942 _2ddc
_cPRO
999 _c231636
_d231636